| 000 | 01407nam a2200289Ia 4500 | ||
|---|---|---|---|
| 999 |
_c4992 _d4992 |
||
| 003 | OSt | ||
| 005 | 20200423142540.0 | ||
| 008 | 191128s2002 ck gr 000 0 spa d | ||
| 020 | _a9586821927 | ||
| 040 |
_aCO-JMCR _cCO-JMCR |
||
| 041 | 0 | _aspa | |
| 082 | 0 | 4 |
_a303.69 / _bG137c |
| 100 | 1 |
_aGaitán Pavia, Pilar, _eautora _93445 |
|
| 245 | 1 | 0 |
_aComunidad internacional, conflicto armado y perspectiva de paz en Colombia / _cPilar Gaitán Pavía, Rodrigo Pardo García-Peña, Juan Manuel Osorio |
| 250 | _aPrimera edición | ||
| 260 |
_aBogotá : _bAlfaomega, _c2002 |
||
| 300 |
_axxiv, 39 páginas ; _c21 cm. |
||
| 490 | 0 | _aLibros de cambio | |
| 505 | _aModalidades de participación de la comunidad internacional frente al conflicto armado -- Perspectivas y preocupaciones de la comunidad internacional frente al conflicto armado y el proceso de paz -- Globalización justicia internacional conflicto armado | ||
| 520 | _aEsta publicación es el resultado de un trabajo de reflexión y evaluación sobre la naturalez, alcancey efectos de la participación de la comunidad internacional en los procesos de negociación que se adelantaron en Colombia. | ||
| 650 | 1 | 4 |
_aLuchas sociales _93446 |
| 650 | 2 | 4 |
_aConflicto armado _93447 |
| 650 | 2 | 4 |
_aPaz Negociaciones _93448 |
| 700 | 1 |
_aPardo García-Peña, Rodrigo, _eautor _93449 |
|
| 700 | 1 |
_a Osorio, Juan Manuel, _eautor _93450 |
|
| 942 |
_2ddc _cBK |
||